000 00474nam a2200145 4500
999 _c11411
_d11411
008 181123b ||||| |||| 00| 0 eng d
022 _a2094-8042
082 _aDPer 050 T48 Apr-June 2016 v. 59-60
100 _932719
_avan Ogtrop, Kristin
245 _aThings get messy when boss lady takes her act home/
_cKristin van Ogtrop.
260 _aHong Kong;
_bTime Asia,
_cc2016.
300 _av187 n15, page 47:
_billustrations;
_c27cm.
650 0 _932720
_a1
942 _2ddc
_cPER